LEADER 02264oam 2200613 450 001 9910716822903321 005 20211013113915.0 035 $a(CKB)5470000002525960 035 $a(OCoLC)680278388$z(OCoLC)622724123$z(OCoLC)667908547$z(OCoLC)985369033 035 $a(OCoLC)995470000002525960 035 $a(EXLCZ)995470000002525960 100 $a20101110d2001 ua 0 101 0 $aeng 135 $aurmn||||||||| 181 $ctxt$2rdacontent 182 $cc$2rdamedia 183 $acr$2rdacarrier 200 10$aIndications and potential sources of change in sand transport in the Brazos River, Texas /$fby David D. Dunn and Timothy H. Raines ; in cooperation with the Texas Parks and Wildlife Department and the University of Texas Bureau of Economic Geology 210 1$aAustin, Texas :$cU.S. Geological Survey,$d2001. 215 $a1 online resource (iv, 32 pages) $cillustrations (some color), color maps 225 1 $aWater-resources investigations report ;$v01-4057 320 $aIncludes bibliographical references (pages 31-32). 606 $aSediment transport$zTexas$zBrazos River 606 $aSand$zTexas$zBrazos River 606 $aLand use$xEnvironmental aspects$zTexas$zBrazos River Watershed 606 $aLand use$xEnvironmental aspects$2fast 606 $aSand$2fast 606 $aSediment transport$2fast 607 $aTexas$zBrazos River$2fast 607 $aTexas$zBrazos River Watershed$2fast 615 0$aSediment transport 615 0$aSand 615 0$aLand use$xEnvironmental aspects 615 7$aLand use$xEnvironmental aspects. 615 7$aSand. 615 7$aSediment transport. 700 $aDunn$b David D.$01407618 702 $aRaines$b Timothy H. 712 02$aGeological Survey (U.S.), 712 02$aTexas.$bParks and Wildlife Department. 712 02$aUniversity of Texas.$bBureau of Economic Geology. 801 0$bOCLCE 801 1$bOCLCE 801 2$bOCLCQ 801 2$bOCLCO 801 2$bOCLCF 801 2$bOCLCQ 801 2$bCOP 801 2$bOCLCQ 801 2$bGPO 906 $aBOOK 912 $a9910716822903321 996 $aIndications and potential sources of change in sand transport in the Brazos River, Texas$93489559 997 $aUNINA LEADER 01545nam0 22003373i 450 001 IST0010044 005 20231121125510.0 010 $a9788864800028 100 $a20200227d2019 ||||0itac50 ba 101 | $aita$aeng$cita 102 $ait 181 1$6z01$ai $bxxxe 182 1$6z01$an 200 1 $a˜L'œEuropa dei talenti$e˜Migrazioni qualificate dentro e fuori l'Unione Europea = œEurope of talents$eQualified migrations inside and outside the European Union$fa cura di Benedetto Coccia e Antonio Ricci 210 $aRoma: Istituto di studi politici S. Pio V , Idos$d2019 215 $a135; 129 p.$d23 cm 300 $aPubblicazione bifronte con testi in italiano e inglese 500 10$a˜L'œEuropa dei talenti$3USM0037675$9RMLV045996$93607583 510 1 $aEurope of talents$9BVE0830072 700 1$aCoccia$b, Benedetto$3RMLV045996$4070$0145182 701 1$aRicci$b, Antonio$3CAGV337023$4070$0383751 801 3$aIT$bIT-01$c20200227 850 $aIT-RM028 $aIT-RM0542 $aIT-FR0098 899 $aBiblioteca Universitaria Alessandrina$bRM028 899 $aBIBLIOTECA DEL MINISTERO DEGLI AFFARI ESTERI$bRM0542 899 $aBiblioteca Area Giuridico Economica$bFR0098 $eN 912 $aIST0010044 950 0$aBiblioteca Area Giuridico Economica$d 53ATENE 33 181$e 53ATE0000273225 VMN A4 Dono editore$fA $h20220309$i20220309 977 $a 01$a 09$a 53 996 $aEuropa dei talenti$93607583 997 $aUNICAS